Kertas Projek Khas Untuk Kursus Kadaran Juruteknik Penilaian Jilid 2 17.2.86 - 1.3.86
| Format: | Book |
|---|---|
| Subjects: |
MARC
| LEADER | 00000cam a2200000 7i4500 | ||
|---|---|---|---|
| 001 | 0000005395 | ||
| 005 | 20230825.0 | ||
| 090 | 0 | 0 | |a J3 |
| 245 | 0 | 0 | |a Kertas Projek Khas Untuk Kursus Kadaran Juruteknik Penilaian Jilid 2 17.2.86 - 1.3.86 |
| 650 | 0 | 0 | |a Juruteknik |
| 999 | |a J3a |b BOOK |c Microfiche |e Default branch | ||